Participación ciudadana y polítcas sociales del ámbito local /
Wedi'i Gadw mewn:
| Prif Awdur: | |
|---|---|
| Awduron Corfforaethol: | , , |
| Fformat: | Texto |
| Cyhoeddwyd: |
México, D.F.:
UNAM. INDESOL. COMERCSO
|
| Pynciau: | |
| Tagiau: |
Ychwanegu Tag
Dim Tagiau, Byddwch y cyntaf i dagio'r cofnod hwn!
|
MARC
| LEADER | 00000 a a2200000 04500 | ||
|---|---|---|---|
| 001 | 30317 | ||
| 003 | |||
| 040 | |||
| 020 | |a 970-32-1811-3 | ||
| 090 | |a 194607 | ||
| 100 | |a Ziccardi, Alicia | ||
| 110 | |a Universidad Autónoma de México. Instituto de Investigaciones Sociales | ||
| 245 | |a Participación ciudadana y polítcas sociales del ámbito local / |c Universidad Autónoma de México. Instituto de Investigaciones Sociales | ||
| 260 | |a México, D.F.: |b UNAM. INDESOL. COMERCSO | ||
| 300 | |a 462 p | ||
| 650 | |a CIUDADES | ||
| 650 | |a GOBIERNO LOCAL | ||
| 650 | |a CIUDADANIA | ||
| 650 | |a PARTICIPACION POLITICA | ||
| 710 | |a Consejo Mexicano de Ciencias Sociales | ||
| 710 | |a Instituto Nacional de Desarrollo Social | ||
| 999 | |c 16335 |d 16335 | ||



